LEADER 00873nam0-22003011i-450- 001 990006462500403321 005 20001010 035 $a000646250 035 $aFED01000646250 035 $a(Aleph)000646250FED01 035 $a000646250 100 $a20001010d--------km-y0itay50------ba 101 0 $aita 105 $ay-------001yy 200 1 $aSoliloquio di Re Leopoldo$eapologia del suo ruolo in Congo (1905)$fMark Twain$gcon un saggio introduttivo di G. BagetBozzo 210 $aBari$cDedalo$d1982. 215 $a56 p.$d22 cm 225 1 $aBiblioteca Dedalo$v53 676 $a949.3 700 1$aTwain,$bMark$f<1835-1910>$027404 801 0$aIT$bUNINA$gRICA$2UNIMARC 901 $aBK 912 $a990006462500403321 952 $aCOLLEZ. 662 (53)$b22940$fFSPBC 959 $aFSPBC 996 $aSoliloquio di Re Leopoldo$9651228 997 $aUNINA DB $aGEN01 LEADER 01747nlm0 22004811i 450 001 990009262460403321 010 $a9783642043970 035 $a000926246 035 $aFED01000926246 035 $a(Aleph)000926246FED01 035 $a000926246 100 $a20100926d2009----km-y0itay50------ba 101 0 $aeng 102 $aDE 135 $adrnn-008mamaa 200 1 $aDiscrete Geometry for Computer Imagery$bRisorsa elettronica$e15th IAPR International Conference, DGCI 2009, Montréal, Canada, September 30 - October 2, 2009. Proceedings$fedited by Srecko Brlek, Christophe Reutenauer, Xavier Provençal 210 $aBerlin ; Heidelberg$cSpringer$d2009 225 1 $aLecture Notes in Computer Science$x0302-9743$v5810 230 $aDocumento elettronico 336 $aTesto 337 $aFormato html, pdf 702 1$aBrlek,$bSrecko 702 1$aProvençal,$bXavier 702 1$aReutenauer,$bChristophe 801 0$aIT$bUNINA$gREICAT$2UNIMARC 856 4 $zFull text per gli utenti Federico II$uhttp://dx.doi.org/10.1007/978-3-642-04397-0 901 $aEB 912 $a990009262460403321 961 $aAlgorithm Analysis and Problem Complexity 961 $aComputational complexity 961 $aComputer graphics 961 $aComputer Graphics 961 $aComputer Imaging, Vision, Pattern Recognition and Graphics 961 $aComputer science 961 $aComputer Science 961 $aComputer software 961 $aComputer vision 961 $aDiscrete Mathematics in Computer Science 961 $aImage Processing and Computer Vision 961 $aOptical pattern recognition 961 $aPattern Recognition 996 $aDiscrete Geometry for Computer Imagery$9772781 997 $aUNINA LEADER 01145nam--2200385---450 001 990002800470203316 005 20180420102712.0 010 $a88-464-5045-0 035 $a000280047 035 $aUSA01000280047 035 $a(ALEPH)000280047USA01 035 $a000280047 100 $a20060824d2003----km-y0itay0103----ba 101 $aita 102 $aIT 105 $a||||||||001yy 200 1 $aProject management in sanità$euno strumento per gestire il cambiamento e l'innovazione dell'organizzazione$fEugenio Vignati, Paolo Bruno 210 $aMilano$cF. Angeli$d2003 215 $a175 p.$d23 cm 225 2 $aAzienda moderna$v519 410 0$12001$aAzienda moderna$v519 454 1$12001 461 1$1001-------$12001 606 0 $aServizi sanitari$xGestione 676 $a362.1068 700 1$aVIGNATI,$bEugenio$0383050 701 1$aBRUNO,$bPaolo$c<1966- >$0383051 801 0$aIT$bsalbc$gISBD 912 $a990002800470203316 951 $aP08 1374$bDISTRA 959 $aBK 969 $aDISTRA 979 $aDISTRA2$b10$c20060824$lUSA01$h1254 996 $aProject management in sanità$91513537 997 $aUNISA